The battle for financial security: how to invest in the runaway 80's (Record no. 35499)

MARC details
000 -LEADER
fixed length control field 00532nam a2200181Ia 4500
020 ## - INTERNATIONAL STANDARD BOOK NUMBER
ISBN 0812908988
050 ## - CALL MARK
Classification number HG 4521 .B75/
100 ## - STATEMENT OF RESPONSIBILITY--MAIN AUTHOR NAME
Personal name Bridwell, Rodger W.
245 #4 - TITLE STATEMENT
Title The battle for financial security: how to invest in the runaway 80's
260 ## - PUBLICATION, DISTRIBUTION, ETC. (IMPRINT)
Place of publication New York
260 ## - PUBLICATION, DISTRIBUTION, ETC. (IMPRINT)
Name of publisher Truman talley books
260 ## - PUBLICATION, DISTRIBUTION, ETC. (IMPRINT)
Year of publication 1980
300 ## - PHYSICAL DESCRIPTION
Number of Pages 303 p
650 ## - SUBJECT ADDED ENTRY--TOPICAL TERM
Topical Term Finance, Personal. Inflation (Finance) Investments--Effect of inflation on.
942 ## - ADDED ENTRY ELEMENTS (KOHA)
Koha item type Books
Holdings
Withdrawn status Lost status Source of classification or shelving scheme Damaged status Not for loan Permanent Location Current Location Date acquired Accession Number Price effective from Koha item type
    Library of Congress Classification     NILE UNIVERSITY OF NIGERIA - MAIN LIBRARY NILE UNIVERSITY OF NIGERIA - MAIN LIBRARY 04/23/2025 0194498 04/23/2025 Books